Normal view
MARC view
- METALLIC COMPOSITES- CONGRESSES
Entry Topical Term
001 - CONTROL NUMBER
- control field: 62133
003 - CONTROL NUMBER IDENTIFIER
- control field: NUST
005 - DATE AND TIME OF LATEST TRANSACTION
- control field: 20210628202900.0
008 - FIXED-LENGTH DATA ELEMENTS
- fixed length control field: 210628|| aca||aabn | a|a d
040 ## - CATALOGING SOURCE
- Original cataloging agency: NUST
- Transcribing agency: NUST
150 ## - HEADING--TOPICAL TERM
- Topical term or geographic name entry element: METALLIC COMPOSITES- CONGRESSES
670 ## - SOURCE DATA FOUND
- Source citation: Work cat.: (NUST): Johnson, W.S 62132, Metal matrix composites, testing analysis and failure modes, 1989
